<?xml version="1.0" encoding="UTF-8"?><?xml-stylesheet type="text/xsl" href="static/style.xsl"?><OAI-PMH xmlns="http://www.openarchives.org/OAI/2.0/" xmlns:xsi="http://www.w3.org/2001/XMLSchema-instance" xsi:schemaLocation="http://www.openarchives.org/OAI/2.0/ http://www.openarchives.org/OAI/2.0/OAI-PMH.xsd"><responseDate>2026-06-29T07:27:31Z</responseDate><request verb="GetRecord" identifier="oai:docta.ucm.es:20.500.14352/119605" metadataPrefix="marc">https://docta.ucm.es/rest/oai/request</request><GetRecord><record><header><identifier>oai:docta.ucm.es:20.500.14352/119605</identifier><datestamp>2025-04-23T23:56:46Z</datestamp><setSpec>com_20.500.14352_14</setSpec><setSpec>col_20.500.14352_15</setSpec></header><metadata><record xmlns="http://www.loc.gov/MARC21/slim" xmlns:dcterms="http://purl.org/dc/terms/" xmlns:xsi="http://www.w3.org/2001/XMLSchema-instance" xmlns:doc="http://www.lyncode.com/xoai" xsi:schemaLocation="http://www.loc.gov/MARC21/slim http://www.loc.gov/standards/marcxml/schema/MARC21slim.xsd">
   <leader>00925njm 22002777a 4500</leader>
   <datafield ind2=" " ind1=" " tag="042">
      <subfield code="a">dc</subfield>
   </datafield>
   <datafield ind2=" " ind1=" " tag="720">
      <subfield code="a">Lopes Pereira-Silvai, Erico Fernando</subfield>
      <subfield code="e">author</subfield>
   </datafield>
   <datafield ind2=" " ind1=" " tag="720">
      <subfield code="a">Crespo Castellanos, José Manuel</subfield>
      <subfield code="e">author</subfield>
   </datafield>
   <datafield ind2=" " ind1=" " tag="260">
      <subfield code="c">2025</subfield>
   </datafield>
   <datafield ind2=" " ind1=" " tag="520">
      <subfield code="a">RESUMO: Este trabalho consiste em um ensaio crítico sobre Educação em Paisagem que propõe a integração entre pedagogias do construtivismo crítico e a educação transformadora nesse campo educacional ainda inovador no Brasil. Discute-se que a aprendizagem em paisagem pode ocorrer de maneira mais ampla, abrangendo distintas faixas etárias, setores, disciplinas, culturas e instituições, assumindo estratégias inclusivas. A aprendizagem baseada na paisagem pode contribuir para a alfabetização científica e ambiental, a valorização do patrimônio cultural e natural, a promoção da sustentabilidade e da resiliência em nossas paisagens. O texto destaca a importância da abordagem participativa e colaborativa na Educação em Paisagem, envolvendo a escola e a comunidade local na construção de soluções sustentáveis para os desafios ambientais e sociais. O texto também proporciona a discussão de concepções de John Dewey e de Paulo Freire e outros teóricos da educação para argumentar que a Educação em Paisagem pode ser uma ferramenta poderosa para a formação de cidadãos críticos e politicamente engajados.
</subfield>
   </datafield>
   <datafield ind2=" " ind1=" " tag="520">
      <subfield code="a">ABSTRACT: This  paper  constitutes  a  critical  essay  on Landscape  Education proposing  the integration  of  critical  constructivism  pedagogies  and  transformative  education  in this  still  innovative  educational  field  in  Brazil.  It  is  discussed  that  learning  in landscape can occur more broadly, encompassing different age groups, sectors, disciplines,  cultures,  and  institutions,  adopting  inclusive  strategies.  Landscape-based   learning   can   contribute   to   scientific   and   environmental   literacy,   the appreciation  of  cultural  and  natural  heritage,  the promotion  of  sustainability,  and resilience in our landscapes. The text highlights the importance of a participatory and  collaborative  approach  in  Landscape  Education,  involving  schools  and  the local  community  in  building  sustainable  solutions  for  environmental  and  social challenges. The paper also provides a discussion of the concepts of John Dewey, Paulo Freire, and other education theorists to argue that Landscape Education can be  a  powerful  tool  for  the  formation  of  critically  aware  and  politically  engaged citizens.</subfield>
   </datafield>
   <datafield ind1="8" ind2=" " tag="024">
      <subfield code="a">PEREIRA-SILVA, E. F. L.; CRESPO CASTELLANOS, J. M. O construtivismo crítico e transformador para uma educação em paisagem. Práticas Educativas, Memórias e Oralidades - Rev. Pemo, [S. l.], v. 7, p. e14389, 2025. DOI: 10.47149/pemo.v7.e14389. Disponível em: https://revistas.uece.br/index.php/revpemo/article/view/14389. Acesso em: 10 abr. 2025.</subfield>
   </datafield>
   <datafield ind1="8" ind2=" " tag="024">
      <subfield code="a">10.47149/pemo.v7.e14389</subfield>
   </datafield>
   <datafield ind1="8" ind2=" " tag="024">
      <subfield code="a">https://hdl.handle.net/20.500.14352/119605</subfield>
   </datafield>
   <datafield ind1="8" ind2=" " tag="024">
      <subfield code="a">2675-519X</subfield>
   </datafield>
   <datafield ind1="8" ind2=" " tag="024">
      <subfield code="a">https://doi.org/10.47149/pemo.v7.e14389</subfield>
   </datafield>
   <datafield ind1="8" ind2=" " tag="024">
      <subfield code="a">https://revistas.uece.br/index.php/revpemo</subfield>
   </datafield>
   <datafield ind2="0" ind1="0" tag="245">
      <subfield code="a">O construtivismo crítico e transformador para uma educação em paisagem</subfield>
   </datafield>
</record></metadata></record></GetRecord></OAI-PMH>